Flaggen mit den meisten Sternen - Statistiken

Allgemein
  • Dieses Quiz wurde 309 mal gespielt
  • Das Durchschnittsergebnis liegt bei 11 aus 23
Antwortstatistiken
# Land % Korrekt
50 Vereinigte Staaten
97%
4 Neuseeland
91%
6 Australien
88%
5 China
86%
9 Bosnien und Herzegowina
77%
4 Mikronesien
77%
9 Tuvalu
68%
8 Venezuela
63%
5 Honduras
62%
5 Samoa
55%
5 Papua-Neuguinea
46%
5 Salomonen
44%
27 Brasilien
39%
6 Kosovo
38%
12 Usbekistan
31%
10 Cabo Verde
28%
5 Singapur
24%
5 Turkmenistan
23%
4 Komoren
22%
7 Grenada
18%
10 Dominica
13%
7 Tadschikistan
13%
6 Äquatorial-Guinea
5%
Keine übereinstimmenden Quizze gefunden
Verteilung der Resultate
Anzahl Personen mit jedem Resultat
Perzentil nach korrekt beantworteten Fragen
Ihre Resultats-Entwicklung
Sie haben dieses Quiz noch nicht gespielt